[Event "Budapest Vezerkepzo Summer IM"]
[Site "Budapest"]
[Date "2023.07.13"]
[Round "3"]
[White "Alok, Sinha"]
[Black "Szalay Ocsak, Bank"]
[Result "0-1"]
[WhiteElo "2256"]
[BlackElo "2102"]
[PlyCount "80"]
[EventDate "2023.07.11"]
[EventType "tourn"]
[EventRounds "9"]
[EventCountry "HUN"]
[SourceTitle "CBM 215 Extra"]
[Source "ChessBase"]
[SourceDate "2023.09.30"]
[SourceVersion "1"]
[SourceVersionDate "2023.09.30"]
[SourceQuality "1"]

1. e4 c5 2. Nf3 d6 3. d4 cxd4 4. Nxd4 Nf6 5. Nc3 a6 6. h3 Nc6 7. g4 g6 8. Bg2 Nxd4 9. Qxd4 Bg7 10. Be3 0-0 11. Qd2 Be6 12. 0-0 Nd7 13. Bh6 Bxh6 14. Qxh6 Rc8 15. Rad1 Qa5 16. Qd2 Rxc3 17. Qxc3 Qxc3 18. bxc3 Rc8 19. e5 Nxe5 20. Bxb7 Rxc3 21. Bd5 Rxc2 22. Bxe6 fxe6 23. f4 Nf7 24. Rf2 Rc3 25. Kg2 e5 26. fxe5 Nxe5 27. Rb1 Nc6 28. Rbf1 Ne5 29. Rb1 g5 30. Rb8+ Kg7 31. Ra8 Ra3 32. Re8 Ng6 33. Kh2 d5 34. Rb8 Nf4 35. Rb3 Rxb3 36. axb3 Kf6 37. Ra2 d4 38. Rxa6+ Ke5 39. Kg3 d3 40. b4 d2 0-1

[Event "Karlsruhe Grenke op"]
[Site "Karlsruhe"]
[Date "2019.04.22"]
[Round "8"]
[White "Kosakowski, Jakub"]
[Black "Alok, Sinha"]
[Result "1-0"]
[WhiteElo "2385"]
[BlackElo "2271"]
[PlyCount "99"]
[EventDate "2019.04.18"]
[EventType "swiss"]
[EventRounds "9"]
[EventCountry "GER"]
[SourceTitle "CBM 189 Extra"]
[Source "ChessBase"]
[SourceDate "2019.06.03"]
[SourceVersion "1"]
[SourceVersionDate "2019.06.03"]
[SourceQuality "1"]

1. e4 c5 2. Nf3 d6 3. Bb5+ Nc6 4. 0-0 Bd7 5. Re1 Nf6 6. c3 a6 7. Bc4 b5 8. Bf1 e5 9. h3 g5 10. Nxg5 Rg8 11. d3 h6 12. Nf3 Bxh3 13. a4 b4 14. Nbd2 Qd7 15. Nc4 Rd8 16. Nh4 Be7 17. Ne3 d5 18. Qf3 d4 19. Nd5 Nh7 20. Nxe7 Kxe7 21. c4 Bg4 22. Qg3 Ng5 23. Kh1 Be6 24. Qh2 Rdf8 25. f4 f6 26. Be2 exf4 27. Bxf4 Nf7 28. Rf1 Nfe5 29. b3 Rf7 30. Rf2 Bg4 31. Bxe5 Nxe5 32. Raf1 Rg5 33. Nf5+ Ke6 34. Kg1 Bxf5 35. Rxf5 Rxf5 36. Rxf5 Qe7 37. Qxh6 Rh7 38. Rxf6+ Qxf6 39. Qxh7 Qg5 40. Kh2 Ng6 41. g3 a5 42. Kh3 Kf6 43. Bh5 Ne5 44. Qh8+ Ke6 45. Qe8+ Kd6 46. Qf8+ Ke6 47. Be2 Qf6 48. Bg4+ Nxg4 49. Qg8+ Kd6 50. Qd5+ 1-0

[Event "Karlsruhe Grenke op"]
[Site "Karlsruhe"]
[Date "2019.04.19"]
[Round "3"]
[White "Alok, Sinha"]
[Black "Ter Sahakyan, Samvel"]
[Result "0-1"]
[WhiteElo "2271"]
[BlackElo "2601"]
[PlyCount "44"]
[EventDate "2019.04.18"]
[EventType "swiss"]
[EventRounds "9"]
[EventCountry "GER"]
[SourceTitle "CBM 189 Extra"]
[Source "ChessBase"]
[SourceDate "2019.06.03"]
[SourceVersion "1"]
[SourceVersionDate "2019.06.03"]
[SourceQuality "1"]

1. e4 c6 2. d4 d5 3. exd5 cxd5 4. c4 Nf6 5. Nc3 Nc6 6. Bf4 Be6 7. c5 Bg4 8. Qd2 a6 9. h3 Bh5 10. Be2 Bxe2 11. Ncxe2 Ne4 12. Qd1 e5 13. Be3 exd4 14. Nxd4 Qa5+ 15. Kf1 Bxc5 16. Nge2 Nxd4 17. Bxd4 0-0 18. g3 Bxd4 19. Nxd4 Qb6 20. b3 Rfe8 21. Rh2 Qf6 22. Ne2 Nd2+ 0-1

[Event "Metz op 37th"]
[Site "Metz"]
[Date "2019.04.12"]
[Round "6"]
[White "Alok, Sinha"]
[Black "Thomas, Anysia"]
[Result "1-0"]
[WhiteElo "2271"]
[BlackElo "2149"]
[PlyCount "99"]
[EventDate "2019.04.08"]
[EventType "swiss"]
[EventRounds "9"]
[EventCountry "FRA"]
[SourceTitle "CBM 189 Extra"]
[Source "ChessBase"]
[SourceDate "2019.06.03"]
[SourceVersion "1"]
[SourceVersionDate "2019.06.03"]
[SourceQuality "1"]

1. e4 c5 2. Nf3 g6 3. d4 cxd4 4. Nxd4 Nc6 5. Nc3 Bg7 6. Nb3 Nf6 7. Be2 0-0 8. 0-0 a5 9. a4 d5 10. exd5 Nb4 11. Bf3 Bf5 12. Nd4 Bc8 13. Bg5 Nfxd5 14. Nxd5 Nxd5 15. Nb5 Be6 16. c3 Rb8 17. Bxd5 Bxd5 18. Bxe7 Qxe7 19. Qxd5 Rbd8 20. Qb3 Rfe8 21. Na3 Rd2 22. Nc4 Re2 23. Rad1 Bf8 24. Ne3 Qe6 25. Qb5 Rxf2 26. Rxf2 Qxe3 27. Qxb7 Bc5 28. Qxf7+ Kh8 29. Qf6+ Kg8 30. Qf7+ Kh8 31. Kh1 Rf8 32. Qxf8+ Bxf8 33. Rxf8+ Kg7 34. Rff1 Qe4 35. Ra1 h5 36. b4 h4 37. h3 g5 38. Rf3 axb4 39. cxb4 Qxb4 40. a5 Qd4 41. Raf1 Qa4 42. Rf7+ Kh8 43. Rb7 Kg8 44. Rc1 Qe8 45. a6 Qa8 46. Rcc7 Qe8 47. Rg7+ Kh8 48. Rh7+ Kg8 49. Rbg7+ Kf8 50. Rh8+ 1-0

[Event "Metz op 37th"]
[Site "Metz"]
[Date "2019.04.10"]
[Round "4"]
[White "Alok, Sinha"]
[Black "Epishin, Vladimir"]
[Result "0-1"]
[WhiteElo "2271"]
[BlackElo "2568"]
[PlyCount "92"]
[EventDate "2019.04.08"]
[EventType "swiss"]
[EventRounds "9"]
[EventCountry "FRA"]
[SourceTitle "CBM 189 Extra"]
[Source "ChessBase"]
[SourceDate "2019.06.03"]
[SourceVersion "1"]
[SourceVersionDate "2019.06.03"]
[SourceQuality "1"]

1. e4 d5 2. exd5 Qxd5 3. Nc3 Qd6 4. g3 Nf6 5. Bg2 Nc6 6. Nge2 e5 7. d3 Be7 8. Bg5 0-0 9. Qd2 Be6 10. 0-0 Rae8 11. Rae1 Nd5 12. Bxe7 Rxe7 13. Ne4 Qd8 14. Nc5 Bc8 15. d4 Nf6 16. d5 b6 17. Nb3 Nb8 18. c4 a5 19. Na1 Na6 20. Nc2 Bf5 21. Ne3 Bg6 22. f4 exf4 23. Nxf4 Rfe8 24. Nxg6 hxg6 25. Nc2 Qd6 26. b3 Qc5+ 27. Kh1 Rxe1 28. Rxe1 Rxe1+ 29. Nxe1 Qe7 30. Bf3 Qe5 31. Nd3 Qd4 32. Qe2 Nb4 33. Nxb4 axb4 34. h4 Kf8 35. Kg2 Qc3 36. g4 Nd7 37. d6 cxd6 38. Qe4 Qd2+ 39. Kf1 Qxa2 40. Qd4 Qxb3 41. Qxd6+ Kg8 42. Kg2 Qb2+ 43. Kg1 Qf6 44. Qxd7 Qxf3 45. Qd8+ Kh7 46. Qxb6 Qxg4+ 0-1

[Event "Sitges Sunway op-A 5th"]
[Site "Sitges"]
[Date "2018.12.14"]
[Round "1"]
[White "Petrosyan, Manuel"]
[Black "Alok, Sinha"]
[Result "1-0"]
[WhiteElo "2565"]
[BlackElo "2187"]
[PlyCount "47"]
[EventDate "2018.12.14"]
[EventType "swiss"]
[EventRounds "10"]
[EventCountry "ESP"]
[SourceTitle "CBM 187 Extra"]
[Source "ChessBase"]
[SourceDate "2018.11.04"]
[SourceVersion "1"]
[SourceVersionDate "2018.11.04"]
[SourceQuality "1"]

1. d4 d5 2. Bf4 Nf6 3. e3 c5 4. c3 Nc6 5. Nd2 Qb6 6. Qb3 c4 7. Qc2 g6 8. e4 Nxe4 9. Nxe4 dxe4 10. Bxc4 Bf5 11. Qb3 Qxb3 12. axb3 Bg7 13. Be3 a6 14. Ne2 Bd7 15. Nf4 e5 16. Nd5 0-0 17. Nb6 Rad8 18. d5 Nb8 19. Bc5 Rfe8 20. Bd6 Bf5 21. Bc7 Bf6 22. d6 Nc6 23. Bd5 Nb8 24. Bxb7 1-0

[Event "Belgrade Summer IM-B 1st"]
[Site "Belgrade"]
[Date "2018.06.30"]
[Round "8"]
[White "Alok, Sinha"]
[Black "Milanovic, Slavisa"]
[Result "0-1"]
[WhiteElo "2047"]
[BlackElo "2370"]
[PlyCount "68"]
[EventDate "2018.06.25"]
[EventType "tourn"]
[EventRounds "9"]
[EventCountry "SRB"]
[EventCategory "2"]
[SourceTitle "CBM 185 Extra"]
[Source "ChessBase"]
[SourceDate "2018.07.29"]
[SourceVersion "1"]
[SourceVersionDate "2018.07.29"]
[SourceQuality "1"]

1. e4 e6 2. d4 d5 3. exd5 exd5 4. Nf3 Nc6 5. Bb5 Bd6 6. c4 dxc4 7. Nc3 Nge7 8. d5 a6 9. Bxc4 Ne5 10. Be2 0-0 11. 0-0 N5g6 12. a3 b5 13. Qb3 Bb7 14. Rd1 Qd7 15. g3 c6 16. Bf1 cxd5 17. Nd4 Ne5 18. Bg2 Nc4 19. Nde2 Bc5 20. a4 Qf5 21. Nf4 Na5 22. Qa2 d4 23. Ncd5 Nxd5 24. Nxd5 Rfd8 25. b4 Bxd5 26. Bxd5 Rxd5 27. bxc5 Rxc5 28. Bb2 Rc2 29. Rf1 Nc4 30. axb5 Nd2 31. b6 Qe4 32. h4 Nf3+ 33. Kg2 Ne1+ 34. Kh3 Qg2+ 0-1

[Event "Belgrade Summer IM-B 1st"]
[Site "Belgrade"]
[Date "2018.06.27"]
[Round "4"]
[White "Nestorovic, Dejan"]
[Black "Alok, Sinha"]
[Result "0-1"]
[WhiteElo "2359"]
[BlackElo "2047"]
[PlyCount "52"]
[EventDate "2018.06.25"]
[EventType "tourn"]
[EventRounds "9"]
[EventCountry "SRB"]
[EventCategory "2"]
[SourceTitle "CBM 185 Extra"]
[Source "ChessBase"]
[SourceDate "2018.07.29"]
[SourceVersion "1"]
[SourceVersionDate "2018.07.29"]
[SourceQuality "1"]

1. d4 d5 2. c4 c6 3. cxd5 cxd5 4. Bg5 Nc6 5. Nc3 h6 6. Bh4 Bf5 7. e3 g5 8. Bg3 e6 9. h4 g4 10. Bd3 Bxd3 11. Qxd3 a6 12. 0-0-0 Nf6 13. Nge2 Qa5 14. Be5 Nxe5 15. dxe5 Nd7 16. f4 Rc8 17. Kb1 Rc4 18. Rc1 Bb4 19. Ne4 Rxc1+ 20. Rxc1 dxe4 21. Qxe4 0-0 22. Qxb7 Rd8 23. Nd4 Nc5 24. Qc6 Nd3 25. Rc4 Bf8 26. a3 Ra8 0-1

[Event "Belgrade Summer IM-B 1st"]
[Site "Belgrade"]
[Date "2018.06.26"]
[Round "2"]
[White "Ostojic, Nikola"]
[Black "Alok, Sinha"]
[Result "1-0"]
[WhiteElo "2446"]
[BlackElo "2047"]
[PlyCount "81"]
[EventDate "2018.06.25"]
[EventType "tourn"]
[EventRounds "9"]
[EventCountry "SRB"]
[EventCategory "2"]
[SourceTitle "CBM 185 Extra"]
[Source "ChessBase"]
[SourceDate "2018.07.29"]
[SourceVersion "1"]
[SourceVersionDate "2018.07.29"]
[SourceQuality "1"]

1. c4 c6 2. e4 d5 3. exd5 cxd5 4. d4 Nf6 5. Nc3 g6 6. Qb3 Bg7 7. cxd5 0-0 8. Nge2 b6 9. g3 Bb7 10. Bg2 e6 11. Bg5 exd5 12. Bxf6 Bxf6 13. Nxd5 Nc6 14. Nxf6+ Qxf6 15. Qf3 Qxf3 16. Bxf3 Rad8 17. 0-0-0 Ba6 18. Bxc6 Bxe2 19. Rd2 Bc4 20. Kb1 Rd6 21. d5 Rfd8 22. Rhd1 Ba6 23. b4 Bc8 24. f3 a6 25. a4 Kf8 26. b5 a5 27. Re1 Bf5+ 28. Kb2 Be6 29. Kc3 Kg7 30. Re3 Bd7 31. Re7 Kf8 32. Rxd7 R8xd7 33. Bxd7 Rxd7 34. Kd4 Ke7 35. Re2+ Kd8 36. Rc2 Rd6 37. f4 h5 38. Rc6 Kd7 39. h3 f6 40. g4 h4 41. g5 1-0

[Event "Veliko Gradiste Silver Lake op"]
[Site "Veliko Gradiste"]
[Date "2018.06.20"]
[Round "5"]
[White "Alok, Sinha"]
[Black "Sevgi, Volkan"]
[Result "0-1"]
[WhiteElo "2047"]
[BlackElo "2266"]
[PlyCount "86"]
[EventDate "2018.06.17"]
[EventType "swiss"]
[EventRounds "9"]
[EventCountry "SRB"]
[SourceTitle "CBM 185 Extra"]
[Source "ChessBase"]
[SourceDate "2018.07.29"]
[SourceVersion "1"]
[SourceVersionDate "2018.07.29"]
[SourceQuality "1"]

1. e4 c6 2. d4 d5 3. exd5 cxd5 4. c4 Nf6 5. Nc3 Nc6 6. Bf4 Be6 7. c5 g6 8. Nf3 Bg7 9. Bb5 0-0 10. Bxc6 bxc6 11. Be5 Bg4 12. h3 Bxf3 13. Qxf3 Nd7 14. Bxg7 Kxg7 15. 0-0 Rb8 16. Qe2 e5 17. dxe5 Nxc5 18. f4 f5 19. Kh1 Qe7 20. Rad1 Rb4 21. a3 Rb3 22. Rd2 Ne6 23. Qa6 Rb6 24. Qa4 Qb7 25. b4 a5 26. bxa5 Rb3 27. Ne2 Nc5 28. Qd4 Ne4 29. Rd3 Rb1 30. Rg1 c5 31. Qe3 d4 32. Qf3 Rb8 33. Kh2 Rxg1 34. Kxg1 Qb1+ 35. Kh2 Nf2 36. Rxd4 cxd4 37. Qxf2 d3 38. Nd4 Qb2 39. Ne6+ Kg8 40. Qa7 Qb7 41. Qd4 Qc6 42. Nc5 d2 43. Na4 Qe4 0-1

[Event "Veliko Gradiste Silver Lake op"]
[Site "Veliko Gradiste"]
[Date "2018.06.19"]
[Round "4"]
[White "Eric, Jovana"]
[Black "Alok, Sinha"]
[Result "1-0"]
[WhiteElo "2324"]
[BlackElo "2047"]
[PlyCount "43"]
[EventDate "2018.06.17"]
[EventType "swiss"]
[EventRounds "9"]
[EventCountry "SRB"]
[SourceTitle "CBM 185 Extra"]
[Source "ChessBase"]
[SourceDate "2018.07.29"]
[SourceVersion "1"]
[SourceVersionDate "2018.07.29"]
[SourceQuality "1"]

1. e4 c5 2. Nf3 d6 3. d4 cxd4 4. Nxd4 Nf6 5. Nc3 g6 6. Be3 Bg7 7. f3 0-0 8. Qd2 Nc6 9. g4 Nxd4 10. Bxd4 Be6 11. Nd5 Bxd5 12. exd5 Qc7 13. h4 Rac8 14. Rh2 e6 15. dxe6 fxe6 16. h5 Nd5 17. hxg6 hxg6 18. Bxg7 Qxg7 19. 0-0-0 Qf6 20. Bd3 Qxf3 21. Rh8+ Kf7 22. Rxf8+ 1-0

[Event "Veliko Gradiste Silver Lake op"]
[Site "Veliko Gradiste"]
[Date "2018.06.18"]
[Round "2"]
[White "Rajkovic, Dusan"]
[Black "Alok, Sinha"]
[Result "1/2-1/2"]
[WhiteElo "2351"]
[BlackElo "2047"]
[PlyCount "110"]
[EventDate "2018.06.17"]
[EventType "swiss"]
[EventRounds "9"]
[EventCountry "SRB"]
[SourceTitle "CBM 185 Extra"]
[Source "ChessBase"]
[SourceDate "2018.07.29"]
[SourceVersion "1"]
[SourceVersionDate "2018.07.29"]
[SourceQuality "1"]

1. d4 d5 2. c4 c6 3. Nf3 Nf6 4. Nc3 e6 5. Bg5 Nbd7 6. cxd5 exd5 7. e3 Be7 8. Bd3 0-0 9. Qc2 h6 10. Bf4 Re8 11. 0-0 Nf8 12. h3 Ne6 13. Bh2 b6 14. Rad1 Bb7 15. Ne5 Rc8 16. f4 c5 17. Bf5 Bd6 18. g4 cxd4 19. exd4 Ne4 20. Qb3 Ba6 21. Nxe4 dxe4 22. Rfe1 Bxe5 23. dxe5 Bd3 24. Bxe6 Rxe6 25. Bg3 Qe7 26. Rd2 Rec6 27. Bf2 Rc2 28. Red1 Rxd2 29. Rxd2 Rc1+ 30. Rd1 Rc2 31. Qd5 Rxb2 32. a4 Rc2 33. a5 bxa5 34. Qxa5 a6 35. Qb6 Kh7 36. Ra1 Rd2 37. Qd4 Rc2 38. Qb6 Qc7 39. Qxc7 Rxc7 40. Kg2 Rc2 41. Kg3 Bb5 42. Ra3 Kg8 43. Bd4 Rd2 44. Bc5 g5 45. Be3 gxf4+ 46. Bxf4 Rd3+ 47. Rxd3 exd3 48. Bxh6 a5 49. Bc1 a4 50. Kf4 a3 51. Ke3 a2 52. Bb2 Kh7 53. h4 Kg6 54. Ba1 Bd7 55. Kxd3 Bxg4 1/2-1/2

[Event "Budapest FS06 IM"]
[Site "Budapest"]
[Date "2018.06.08"]
[Round "6"]
[White "Alok, Sinha"]
[Black "Doshi, Moksh Amitbhai"]
[Result "1-0"]
[WhiteElo "2047"]
[BlackElo "2203"]
[PlyCount "81"]
[EventDate "2018.06.02"]
[EventType "tourn"]
[EventRounds "9"]
[EventCountry "HUN"]
[SourceTitle "CBM 184 Extra"]
[Source "ChessBase"]
[SourceDate "2018.06.28"]
[SourceVersion "1"]
[SourceVersionDate "2018.06.28"]
[SourceQuality "1"]

1. e4 c5 2. Nf3 d6 3. d4 cxd4 4. Nxd4 Nf6 5. Nc3 a6 6. h3 e6 7. g4 Be7 8. Bg2 Nfd7 9. 0-0 Nc6 10. Be3 0-0 11. a4 Nde5 12. Nde2 Nc4 13. Bc1 Bf6 14. b3 Qa5 15. Qd3 Nb6 16. Ba3 Rd8 17. Rad1 Bd7 18. Bxd6 Be8 19. Qe3 Rac8 20. Bg3 Nd7 21. Nb1 Nb4 22. c3 Na2 23. Rd3 b5 24. Qd2 bxa4 25. Qxa2 Qb5 26. c4 axb3 27. Qxb3 Qa5 28. Rdd1 Nc5 29. Qa3 Ba4 30. Rxd8+ Rxd8 31. e5 Be7 32. Nbc3 Rd3 33. Qa1 Qb4 34. Nxa4 Nxa4 35. Qb1 Rb3 36. Qe4 Rb2 37. Rd1 g6 38. Bf4 Kg7 39. Qe3 Qxc4 40. Bh6+ Kg8 41. Qa7 1-0

[Event "Budapest FS06 IM"]
[Site "Budapest"]
[Date "2018.06.04"]
[Round "3"]
[White "Lyell, Mark"]
[Black "Alok, Sinha"]
[Result "1-0"]
[WhiteElo "2292"]
[BlackElo "2047"]
[PlyCount "57"]
[EventDate "2018.06.02"]
[EventType "tourn"]
[EventRounds "9"]
[EventCountry "HUN"]
[SourceTitle "CBM 184 Extra"]
[Source "ChessBase"]
[SourceDate "2018.06.28"]
[SourceVersion "1"]
[SourceVersionDate "2018.06.28"]
[SourceQuality "1"]

1. e4 c5 2. Nc3 d6 3. f4 g6 4. Nf3 Bg7 5. Bb5+ Bd7 6. Bc4 Nc6 7. 0-0 e6 8. d3 Nge7 9. f5 gxf5 10. Ng5 Ne5 11. Qh5 N7g6 12. exf5 exf5 13. Bf4 Nxc4 14. dxc4 Be6 15. Rae1 Be5 16. Rxe5 dxe5 17. Bxe5 Bxc4 18. Re1 Qe7 19. Bg3 Be6 20. Nxe6 fxe6 21. Nd5 exd5 22. Rxe7+ Kxe7 23. Qg5+ Ke6 24. Qe3+ Kf7 25. Qxc5 Ne7 26. Bh4 Rhe8 27. Qd6 Rac8 28. Qf6+ Kg8 29. Qe6+ 1-0

[Event "Mumbai Wealth op"]
[Site "Mumbai"]
[Date "2016.01.29"]
[Round "2"]
[White "Alok, Sinha"]
[Black "Sekar, B."]
[Result "0-1"]
[WhiteElo "1894"]
[BlackElo "2188"]
[PlyCount "48"]
[EventDate "2016.01.28"]
[EventType "swiss"]
[EventRounds "9"]
[EventCountry "IND"]
[SourceTitle "CBM 170 Extra"]
[Source "ChessBase"]
[SourceDate "2016.02.25"]
[SourceVersion "1"]
[SourceVersionDate "2016.02.25"]
[SourceQuality "1"]

1. e4 c5 2. Nf3 d6 3. d4 cxd4 4. Nxd4 Nf6 5. Nc3 a6 6. h3 e6 7. g4 Be7 8. Bg2 Nfd7 9. Be3 Nc6 10. Qe2 Rb8 11. 0-0-0 Nxd4 12. Bxd4 0-0 13. f4 Qa5 14. Kb1 b5 15. Qd2 Qc7 16. g5 Nb6 17. h4 Nc4 18. Qe2 b4 19. Na4 Bd7 20. f5 Bxa4 21. f6 Bd8 22. fxg7 Re8 23. Bf6 Bxf6 24. gxf6 Na3+ 0-1